Ciudades de Chile - ¡Muerte súbita! - Estadísticas

Estadísticas generales
  • Esta prueba ha sido intentada 1.006 veces
  • La puntuación promedio es 9 de 20
Answers on the Grid
Answers color-coded by a green-red scale on the quiz's grid according to % correct below.
Antofagasta
Arequipa
Arica
Armenia
Bucaramanga
Buenaventura
Calama
Cartagena
Chillán
Concepción
Coquimbo
El Paso
Fortaleza
Guayaquil
Iquique
La Serena
Los Ángeles
Mar del Plata
Medellín
Osorno
Piura
Puente Alto
Puerto Montt
Rancagua
Rosario
San Bernardo
San Pedro Sula
Santiago
Talca
Temuco
Valdivia
Valparaíso
Viña del Mar
 
Estadísticas de respuestas
Respuesta % Correcto
Antofagasta
82%
Santiago
69%
Valparaíso
62%
Viña del Mar
55%
Valdivia
51%
Arica
49%
Concepción
49%
Iquique
44%
Puerto Montt
43%
Coquimbo
41%
La Serena
41%
Calama
40%
Osorno
36%
Rancagua
36%
Chillán
35%
Temuco
35%
Talca
34%
Puente Alto
33%
San Bernardo
26%
Los Ángeles
21%
No se encontraron pruebas coincidentes
Distribución de puntuación
Porcentaje de gente con cada puntuación
Porcentaje por número respondido
Historial de tus puntuaciones
No has intentado esta prueba.